| 000 | 01465nam a2200373 a 4500 | ||
|---|---|---|---|
| 001 | ebr10389746 | ||
| 003 | CaPaEBR | ||
| 006 | m u | ||
| 007 | cr cn||||||||| | ||
| 008 | 100610s2010 dcuad sb 000 0 eng | ||
| 010 | _z 2010279688 | ||
| 020 | _z9780821383414 | ||
| 020 | _z0821383418 | ||
| 020 | _z9780821383551 | ||
| 020 | _z9780821384435 (e-book) | ||
| 040 |
_aCaPaEBR _cCaPaEBR |
||
| 035 | _a(OCoLC)708251509 | ||
| 043 | _aa-ii--- | ||
| 050 | 1 | 4 |
_aT153 _b.G68 2010eb |
| 245 | 0 | 0 |
_aGovernance of technical education in India _h[electronic resource] : _bkey issues, principles, and case studies / _cedited by Andreas Blom and Jannette Cheong. |
| 260 |
_aWashington, D.C. : _bWorld Bank, _cc2010. |
||
| 300 |
_axiv, 85 p. : _bill. |
||
| 490 | 1 |
_aWorld Bank working paper, _x1726-5878 ; _vno. 190 |
|
| 504 | _aIncludes bibliographical references. | ||
| 533 |
_aElectronic reproduction. _bPalo Alto, Calif. : _cebrary, _d2013. _nAvailable via World Wide Web. _nAccess may be limited to ebrary affiliated libraries. |
||
| 650 | 0 |
_aTechnical education _zIndia. |
|
| 650 | 0 |
_aTechnical education _zIndia _vCase studies. |
|
| 655 | 7 |
_aElectronic books. _2local |
|
| 700 | 1 | _aBlom, Andreas. | |
| 700 | 1 | _aCheong, Jannette. | |
| 710 | 2 | _aebrary, Inc. | |
| 830 | 0 |
_aWorking papers (World Bank) ; _vno. 190. |
|
| 856 | 4 | 0 |
_uhttp://site.ebrary.com/lib/rucke/Doc?id=10389746 _zAn electronic book accessible through the World Wide Web; click to view |
| 999 |
_c91129 _d91129 |
||